Online katalóg knižníc regiónu Turca

Dôverné rozhovory (Record no. 20724)

MARC details
000 -LEADER
fixed length control field 01041nam a2200361 a 4500
001 - CONTROL NUMBER
control field 20724
003 - CONTROL NUMBER IDENTIFIER
control field VRT
005 - DATE AND TIME OF LATEST TRANSACTION
control field 20260130143214.0
008 - FIXED-LENGTH DATA ELEMENTS--GENERAL INFORMATION
fixed length control field 980311s1997 xo g 000 1 slo c
020 ## - INTERNATIONAL STANDARD BOOK NUMBER
International Standard Book Number 8022007951 (viaz.)
035 ## - SYSTEM CONTROL NUMBER
System control number UKB000228377
039 #9 - LEVEL OF BIBLIOGRAPHIC CONTROL AND CODING DETAIL [OBSOLETE]
Level of rules in bibliographic description 201205141447
Level of effort used to assign nonsubject heading access points gluc
040 ## - CATALOGING SOURCE
Original cataloging agency BAA001
Language of cataloging slo
Transcribing agency BAA001
Description conventions AACR2
041 1# - LANGUAGE CODE
Language code of text/sound track or separate title slo
Language code of original eng
044 ## - COUNTRY OF PUBLISHING/PRODUCING ENTITY CODE
MARC country code xo
ISO country code SK
080 ## - UNIVERSAL DECIMAL CLASSIFICATION NUMBER
Universal Decimal Classification number 820(73)-312.4
100 1# - MAIN ENTRY--PERSONAL NAME
Personal name Hunter, Evan,
Dates associated with a name 1926-2005
245 10 - TITLE STATEMENT
Title Dôverné rozhovory
Statement of responsibility, etc. Evan Hunter ; [z angl. orig. prel. Miroslava Staszová]
250 ## - EDITION STATEMENT
Edition statement 1. vyd
260 ## - PUBLICATION, DISTRIBUTION, ETC.
Place of publication, distribution, etc. Bratislava
Name of publisher, distributor, etc. Slov. spis.
Date of publication, distribution, etc. 1997
300 ## - PHYSICAL DESCRIPTION
Extent 189, [1] s.
490 1# - SERIES STATEMENT
Series statement Zelená knižnica
650 07 - SUBJECT ADDED ENTRY--TOPICAL TERM
Topical term or geographic name entry element literatúra americká
650 07 - SUBJECT ADDED ENTRY--TOPICAL TERM
Topical term or geographic name entry element romány detektívne
653 ## - INDEX TERM--UNCONTROLLED
Uncontrolled term 820(73)-312.4
700 1# - ADDED ENTRY--PERSONAL NAME
Personal name Staszová, Miroslava
Relationship trl
765 0# - ORIGINAL LANGUAGE ENTRY
Title Privileged conversation
Main entry heading Hunter, Evan
830 #0 - SERIES ADDED ENTRY--UNIFORM TITLE
Uniform title Zelená knižnica
910 ## - USER-OPTION DATA (OCLC)
User-option data ukb
942 ## - ADDED ENTRY ELEMENTS (KOHA)
Source of classification or shelving scheme Dewey Decimal Classification
Koha item type Krásna literatúra pre dospelých
Suppress in OPAC No
949 ## - LOCAL PROCESSING INFORMATION (OCLC)
6 1800030029
a 30.D.72685
b PV.1287-98
949 ## - LOCAL PROCESSING INFORMATION (OCLC)
6 1800030030
a SL.D.28568
b PV.1288-98
Holdings
Stav vyradenia Strata Poškodenie Spôsob nadobudnutia Domovská knižnica Aktuálna knižnica Dátum nadobudnutia Total checkouts Čiarový kód exemplára Date last seen Typ exemplára
      Dar Obecná knižnica Horná Štubňa Obecná knižnica Horná Štubňa 30.01.2026   9788022007955 30.01.2026 Krásna literatúra pre dospelých
Projekt je podporený Slovenskou asociáciou knižníc
Prevádzkuje Turčianska knižnica Martin 2026